| 000 | 00819nam a2200265 a 4500 | ||
|---|---|---|---|
| 001 | BRCA_5148 | ||
| 005 | 20190320204947.0 | ||
| 008 | 221110s1951----sp-a######---#000-0#spa-# | ||
| 041 | _aspa | ||
| 044 | _asp | ||
| 050 | 4 |
_aNA5811 _b.M66 8 1951 |
|
| 100 | 1 |
_aDominguez Berrueta, Mariano _913160 |
|
| 245 | 1 | 0 |
_aLa Catedral de Leon _cpor Mariano D. Berrueta. |
| 260 |
_aMadrid _bPlus-Ultra _c1951 |
||
| 300 |
_a156 p. _bil. _c22 cm. |
||
| 440 | 0 |
_aLos monumentos cardinales de España _v11 _913161 |
|
| 500 | _aVer también C24, E2, E3, E18, E19, E20, E21, E22, E24, E25, E26, E27 | ||
| 500 | _aE23 | ||
| 504 | _aBibliografía: p. [157] | ||
| 650 | 1 | 4 |
_aArquitectura religiosa _zEspaña _97863 |
| 650 | 1 | 4 |
_aCatedrales _zEspaña _913162 |
| 651 | 4 |
_aLeon, España _xCatedral _913163 |
|
| 902 | _aGFM | ||
| 942 |
_2lcc _cB |
||
| 999 |
_c4842 _d4842 |
||